U.S. States Without a Raising Cane's - Statistics

General Stats
  • This quiz has been taken 113 times
    23 since last reset
  • The average score is 6 of 8
Answer Stats
State % Correct
Idaho
89%
Montana
84%
North Dakota
79%
Wyoming
79%
South Dakota
74%
Maine
63%
West Virginia
63%
Vermont
58%
No matching quizzes found
Score Distribution
Percent of People with Each Score
Percentile by Number Answered
Your Score History
You have not taken this quiz since the last reset